Automated Valuation Models: (Record no. 122085)

MARC details
000 -LEADER
fixed length control field 00824nab a22001937a 4500
007 - PHYSICAL DESCRIPTION FIXED FIELD--GENERAL INFORMATION
fixed length control field ta
008 - FIXED-LENGTH DATA ELEMENTS--GENERAL INFORMATION
fixed length control field 241227e20220517xxk|||||o|||| 00| 0 eng d
041 ## - LANGUAGE CODE
Language code of text/sound track or separate title eng
110 ## - MAIN ENTRY--CORPORATE NAME
Corporate author Royal Institution of Chartered Surveyors
9 (RLIN) 4900
245 ## - TITLE STATEMENT
Title Automated Valuation Models:
Subtitle A property market perspective
260 ## - PUBLICATION INFORMATION
Publisher RICS World Built Environment Forum,
Date 17 May 2022
520 ## - ABSTRACT
Abstract This article explores driving factors behind interest in AVMs, where AVMs work best, data requirements and resolving risks.
650 ## - KEYWORDS
Keywords AUTOMATED VALUATION MODELS
650 ## - KEYWORDS
Keywords VALUATION
651 ## - SUBJECT ADDED ENTRY--GEOGRAPHIC NAME
Geographic name United Kingdom 1973
700 ## - ADDED PERSONAL NAME
Added personal author Knight, Andrew
710 ## - ADDED CORPORATE NAME
Added corporate author Royal Institution of Chartered Surveyors
9 (RLIN) 4900
856 ## - ONLINE RESOURCE
Uniform Resource Identifier https://www.rics.org/news-insights/wbef/automated-valuation-models-a-property-market-perspective
Public note Article on RICS.org
Holdings
Withdrawn status Lost status Damaged status Not for loan Home library Current library Shelving location Date acquired Total Checkouts Date last seen Price effective from Koha item type
        Virtual Virtual Online 27/12/2024   27/12/2024 27/12/2024 Journal article